000 00395nam a2200157Ia 4500
008 210716s2004 xx 000 0 und d
020 _a9788170148036
041 _aeng
082 _a658.7 VARM
100 _aVarma, M M.
245 _aMaterials management.
250 _a1
260 _aNew Delhi
_bSulthan Chand and Sons
_c2004
300 _axvi,512
650 _aMaterials Management(658.7)
999 _c200477
_d200477